Through the year with Thomas Merton : (Record no. 130550)
[ view plain ]
| 000 -LEADER | |
|---|---|
| fixed length control field | 01118pam a2200277 a 4500 |
| 001 - CONTROL NUMBER | |
| control field | 2859573 |
| 003 - CONTROL NUMBER IDENTIFIER | |
| control field | ARRUPE |
| 005 - DATE AND TIME OF LATEST TRANSACTION | |
| control field | 20201028104203.0 |
| 008 - FIXED-LENGTH DATA ELEMENTS--GENERAL INFORMATION | |
| fixed length control field | 850520t19851983nyua 000 0 eng |
| 010 ## - LIBRARY OF CONGRESS CONTROL NUMBER | |
| LC control number | 85011827 |
| 020 ## - INTERNATIONAL STANDARD BOOK NUMBER | |
| International Standard Book Number | 0385232349 (pbk.) : |
| Terms of availability | $7.95 |
| 040 ## - CATALOGING SOURCE | |
| Original cataloging agency | DLC |
| Transcribing agency | DLC |
| Modifying agency | DLC |
| 050 00 - LIBRARY OF CONGRESS CALL NUMBER | |
| Classification number | BX2170.C56 |
| Item number | M48 1985 |
| 082 00 - DEWEY DECIMAL CLASSIFICATION NUMBER | |
| Classification number | 242/.2 |
| Edition number | 19 |
| 300 ## - PHYSICAL DESCRIPTION | |
| Other physical details | ill. ; |
| Dimensions | 21 cm. |
| 100 1# - MAIN ENTRY--PERSONAL NAME | |
| Personal name | Merton, Thomas, |
| Dates associated with a name | 1915-1968. |
| 9 (RLIN) | 7952 |
| 240 10 - UNIFORM TITLE | |
| Uniform title | <a href="Blaze of recognition">Blaze of recognition</a> |
| 245 10 - TITLE STATEMENT | |
| Title | Through the year with Thomas Merton : |
| Remainder of title | daily meditations from his writings / |
| Statement of responsibility, etc | selected and edited by Thomas P. McDonnell ; with illustrations by Thomas Merton. |
| 260 ## - PUBLICATION, DISTRIBUTION, ETC. (IMPRINT) | |
| Place of publication, distribution, etc | Garden City, N.Y. : |
| Name of publisher, distributor, etc | Image Books, |
| Date of publication, distribution, etc | 1985, c1983. |
| 300 ## - PHYSICAL DESCRIPTION | |
| Extent | viii, 226 p. : |
| 500 ## - GENERAL NOTE | |
| General note | "Originally published under the complete title: Blaze of recognition, through the year with Thomas Merton, daily meditations." |
| 610 20 - SUBJECT ADDED ENTRY--CORPORATE NAME | |
| Corporate name or jurisdiction name as entry element | Catholic Church |
| Form subdivision | Prayers and devotions. |
| 9 (RLIN) | 50012 |
| 650 #0 - SUBJECT ADDED ENTRY--TOPICAL TERM | |
| Topical term or geographic name as entry element | Devotional calendars |
| General subdivision | Catholic Church. |
| 9 (RLIN) | 15795 |
| 700 1# - ADDED ENTRY--PERSONAL NAME | |
| Personal name | McDonnell, Thomas P. |
| 9 (RLIN) | 28050 |
| 906 ## - LOCAL DATA ELEMENT F, LDF (RLIN) | |
| a | 7 |
| b | cbc |
| c | orignew |
| d | 1 |
| e | ocip |
| f | 19 |
| g | y-gencatlg |
| 942 ## - ADDED ENTRY ELEMENTS (KOHA) | |
| Source of classification or shelving scheme | Library of Congress Classification |
| Koha item type | Monograph ( Printed materials) |
| Withdrawn status | Lost status | Source of classification or shelving scheme | Damaged status | Not for loan | Collection code | Home library | Current library | Shelving location | Date acquired | Total Checkouts | Full call number | Barcode | Date last seen | Price effective from | Koha item type |
|---|---|---|---|---|---|---|---|---|---|---|---|---|---|---|---|
| Library of Congress Classification | Main Collection | ARRUPE LIBRARY | ARRUPE LIBRARY | Main Collection | 28/10/2020 | BX2170.C56 M48 1985 | 46600008107 | 28/10/2020 | 28/10/2020 | Monograph ( Printed materials) |